logo

Bir Sreshtho Munshi Abdur Rouf Library
Jhenaidah Cadet College

Electricity and thermal physics / (Record no. 8213)

MARC details
000 -LEADER
fixed length control field 00891nam a2200325 a 4500
001 - CONTROL NUMBER
JCCL Control Number 8213
003 - CONTROL NUMBER IDENTIFIER
JCCL marc code UkOxU
005 - DATE AND TIME OF LATEST TRANSACTION
control field 20180219130223.0
008 - FIXED-LENGTH DATA ELEMENTS--GENERAL INFORMATION
fixed length control field 040212s2006 enka 001 0 eng d
020 ## - INTERNATIONAL STANDARD BOOK NUMBER
International Standard Book Number 074877663x
035 ## - SYSTEM CONTROL NUMBER
system control number (BD-JhCC) 8213
040 ## - CATALOGING SOURCE
Original cataloging agency BDS
Modifying agency BD-JhCC
041 ## - LANGUAGE CODE
Language code of Book eng
082 0# - DEWEY DECIMAL CLASSIFICATION NUMBER
Classification number 536
DDC Edition number 22
Author mark and Year CHI 2006
100 1# - MAIN ENTRY--PERSONAL NAME
Personal name Ellse, Mark.
245 10 - TITLE STATEMENT
Title Electricity and thermal physics /
Statement of responsibility, etc Mark Ellse, Chris Honeywill.
250 ## - EDITION STATEMENT
Edition statement Rev. ed.
260 ## - PUBLICATION, DISTRIBUTION, ETC. (IMPRINT)
Place of publication, distribution, etc Cheltenham :
Name of publisher, distributor, etc Nelson Thornes,
Date of publication, distribution, etc 2006.
300 ## - PHYSICAL DESCRIPTION
Pagination vi, 144 p. :
Other physical details col. ill. ;
Dimensions 28 cm.
500 ## - GENERAL NOTE
General note Previous ed.: 2000.
500 ## - GENERAL NOTE
General note Includes index.
650 #0 - SUBJECT ADDED ENTRY--TOPICAL TERM
Topical term or geographic name as entry element Heat.
650 #0 - SUBJECT ADDED ENTRY--TOPICAL TERM
Topical term or geographic name as entry element Heat
Form subdivision Problems, exercises, etc.
650 #0 - SUBJECT ADDED ENTRY--TOPICAL TERM
Topical term or geographic name as entry element Electricity.
650 #0 - SUBJECT ADDED ENTRY--TOPICAL TERM
Topical term or geographic name as entry element Electricity
Form subdivision Problems, exercises, etc.
700 1# - ADDED ENTRY--PERSONAL NAME
Personal name Honeywill, Chris.
830 #0 - SERIES ADDED ENTRY--UNIFORM TITLE
Uniform title Nelson advanced science
942 ## - ADDED ENTRY ELEMENTS (KOHA)
Source of classification or shelving scheme Dewey Decimal Classification
Koha item type Books
Holdings
Source of classification or shelving scheme Damaged status Not for loan Home library Current library Shelving location Source of acquisition Total Checkouts Full call number Barcode Date last seen Copy number Koha item type Date of accession Date checked out
Dewey Decimal Classification     JCC Rouf Library JCC Rouf Library General Stacks Md.Nasser shahrear Zahedee   536 CHI 2006 10762 02/19/2018 C - 1 Books    
Dewey Decimal Classification     JCC Rouf Library JCC Rouf Library General Stacks Md.Nasser shahrear Zahedee 1 536 CHI 2006 10763 09/20/2023 C-2 Books 08/06/2023 08/06/2023

JCC Library | Contacts | JCC Home

Last Update on 23 September 2017
Copyright @ 2017-2020 JCC Rouf Library
Rouf Library, Jhenidah Cadet College (JCC), Bangladesh